<?xml version="1.0" encoding="UTF-8"?>
<record
    xmlns:xsi="http://www.w3.org/2001/XMLSchema-instance"
    xsi:schemaLocation="http://www.loc.gov/MARC21/slim http://www.loc.gov/standards/marcxml/schema/MARC21slim.xsd"
    xmlns="http://www.loc.gov/MARC21/slim">

  <leader>00515nam a22001937a 4500</leader>
  <controlfield tag="005">20231228141527.0</controlfield>
  <controlfield tag="008">231228b        |||||||| |||| 00| 0 eng d</controlfield>
  <datafield tag="020" ind1=" " ind2=" ">
    <subfield code="a">978-93-7475-702-6</subfield>
  </datafield>
  <datafield tag="041" ind1=" " ind2=" ">
    <subfield code="a">eng</subfield>
  </datafield>
  <datafield tag="082" ind1=" " ind2=" ">
    <subfield code="2">1st</subfield>
    <subfield code="a">MS/610.7377/SHS/B10672</subfield>
    <subfield code="b">SHA</subfield>
  </datafield>
  <datafield tag="100" ind1=" " ind2=" ">
    <subfield code="a">Sharma M P</subfield>
  </datafield>
  <datafield tag="245" ind1=" " ind2=" ">
    <subfield code="a">Medical Surgical Nursing-I for GNM</subfield>
  </datafield>
  <datafield tag="250" ind1=" " ind2=" ">
    <subfield code="a">1st</subfield>
  </datafield>
  <datafield tag="260" ind1=" " ind2=" ">
    <subfield code="a">New Delhi</subfield>
    <subfield code="b">AITBS Pub.</subfield>
    <subfield code="c">2022</subfield>
  </datafield>
  <datafield tag="300" ind1=" " ind2=" ">
    <subfield code="a">490p</subfield>
    <subfield code="b">Pb</subfield>
    <subfield code="c">26X18cm</subfield>
  </datafield>
  <datafield tag="365" ind1=" " ind2=" ">
    <subfield code="a">Rupaye</subfield>
    <subfield code="b">799.00</subfield>
    <subfield code="c">INR</subfield>
  </datafield>
  <datafield tag="521" ind1=" " ind2=" ">
    <subfield code="a">Medical Surgical
Nursing</subfield>
  </datafield>
  <datafield tag="942" ind1=" " ind2=" ">
    <subfield code="c">BK</subfield>
  </datafield>
  <datafield tag="999" ind1=" " ind2=" ">
    <subfield code="c">356800</subfield>
    <subfield code="d">356800</subfield>
  </datafield>
  <datafield tag="952" ind1=" " ind2=" ">
    <subfield code="0">0</subfield>
    <subfield code="1">0</subfield>
    <subfield code="2">ddc</subfield>
    <subfield code="4">0</subfield>
    <subfield code="7">0</subfield>
    <subfield code="a">BTIN</subfield>
    <subfield code="b">BTIN</subfield>
    <subfield code="d">2023-12-11</subfield>
    <subfield code="e">Varad Enterprises</subfield>
    <subfield code="g">799.00</subfield>
    <subfield code="i">79</subfield>
    <subfield code="l">26</subfield>
    <subfield code="m">16</subfield>
    <subfield code="o">MS610.7377 SHS B10672</subfield>
    <subfield code="p">BTIN-BK-10672</subfield>
    <subfield code="q">2026-06-01</subfield>
    <subfield code="r">2026-05-08 10:12:36</subfield>
    <subfield code="s">2026-05-08</subfield>
    <subfield code="t">15%</subfield>
    <subfield code="v">679.15</subfield>
    <subfield code="w">2023-12-08</subfield>
    <subfield code="y">BK</subfield>
    <subfield code="z">BTIN-BK-10672</subfield>
  </datafield>
  <datafield tag="952" ind1=" " ind2=" ">
    <subfield code="0">0</subfield>
    <subfield code="1">0</subfield>
    <subfield code="2">ddc</subfield>
    <subfield code="4">0</subfield>
    <subfield code="7">0</subfield>
    <subfield code="a">BTIN</subfield>
    <subfield code="b">BTIN</subfield>
    <subfield code="d">2023-12-11</subfield>
    <subfield code="e">Varad Enterprises</subfield>
    <subfield code="g">799.00</subfield>
    <subfield code="i">79</subfield>
    <subfield code="l">23</subfield>
    <subfield code="m">19</subfield>
    <subfield code="o">MS610.7377 SHS B10673</subfield>
    <subfield code="p">BTIN-BK-10673</subfield>
    <subfield code="q">2026-04-07</subfield>
    <subfield code="r">2026-03-27 15:34:24</subfield>
    <subfield code="s">2026-03-27</subfield>
    <subfield code="t">15%</subfield>
    <subfield code="v">679.15</subfield>
    <subfield code="w">2023-12-08</subfield>
    <subfield code="y">BK</subfield>
    <subfield code="z">BTIN-BK-10673</subfield>
  </datafield>
</record>
